Swami Dayanand Saraswati: Prerak Prasang (Record no. 5618)

MARC details
000 -LEADER
fixed length control field 00506nam a2200169Ia 4500
008 - FIXED-LENGTH DATA ELEMENTS--GENERAL INFORMATION
fixed length control field 230917s9999||||xx |||||||||||||| ||und||
020 ## - ISBN
Price RS 495.00
040 ## - CATALOGING SOURCE
-- 5014491
Original cataloging agency VIVEKANANDA LIBRARY
041 ## - Language
-- English
082 ## - DDC NUMBER
Classification number 294.5563092 D33B:S
100 ## - MAIN ENTRY--PERSONAL NAME
Personal name Dayanand Saraswati
245 #0 - TITLE STATEMENT
Title Swami Dayanand Saraswati: Prerak Prasang
260 ## - PUBLICATION, DISTRIBUTION, ETC. (IMPRINT)
Place of publication, distribution, etc New Delhi
Name of publisher, distributor, etc Kalpana Prakashan
Date of publication, distribution, etc 2018
300 ## - PHYSICAL DESCRIPTION
Pages xvi, 198 p.
500 ## - GENERAL NOTE
General note 4558 04/03/2022 HBD22/9285 04/03/2022 Centre for Maharishi Danyand Vedic Studi
942 ## - ADDED ENTRY ELEMENTS (KOHA)
Koha item type Books
Holdings
Withdrawn status Lost status Damaged status Not for loan Location (home branch) Sublocation or collection (holding branch) Date acquired Koha issues (times borrowed) Koha full call number Accession No. Koha date last seen Koha item type
        VIVEKANANDA LIBRARY VIVEKANANDA LIBRARY 17/03/2022   294.5563092 D33B:S 394476 05/01/2024 Books
© Designed and Maintained by Vivekananda Library, MDU Rohtak